The discovery of antiarrhythmics

Elmentve itt :
Bibliográfiai részletek
Szerzők: Szekeres László
Papp Gyula
Dokumentumtípus: Könyv része
Megjelent: Elsevier B.V. Amsterdam 1984
Sorozat:Discoveries in Pharmacology
Haemodynamics, hormones and inflammation
Tárgyszavak:
mtmt:1133212
Online Access:http://publicatio.bibl.u-szeged.hu/33224
LEADER 00758naa a2200229 i 4500
001 publ33224
005 20250524101916.0
008 250524s1984 hu o 000 eng d
020 |a 0444805788 
024 7 |a 1133212  |2 mtmt 
040 |a SZTE Publicatio Repozitórium  |b hun 
041 |a eng 
100 1 |a Szekeres László 
245 1 4 |a The discovery of antiarrhythmics  |h [elektronikus dokumentum] /  |c  Szekeres László 
260 |a Elsevier B.V.  |b Amsterdam  |c 1984 
300 |a 31 
300 |a 185-215 
490 0 |a Discoveries in Pharmacology 
490 0 |a Haemodynamics, hormones and inflammation 
650 4 |a Általános orvostudomány 
700 0 1 |a Papp Gyula  |e aut 
856 4 0 |u http://publicatio.bibl.u-szeged.hu/33224/1/aok_klny_1103_84.pdf  |z Dokumentum-elérés